| 000 | 00421nam a22001817a 4500 | ||
|---|---|---|---|
| 003 | NUST | ||
| 005 | 20220731142319.0 | ||
| 008 | 220731b ||||| |||| 00| 0 eng d | ||
| 020 | _a9781542020169 | ||
| 038 | _aAzhar | ||
| 082 |
_a813.6 _bTOR |
||
| 100 |
_aA. R torre _995947 |
||
| 245 |
_aThe good lie _cA.R. Torre |
||
| 260 |
_aSeattle _bThomas & Mercer _c2021 |
||
| 300 | _a244p | ||
| 563 | _aPB | ||
| 942 |
_2ddc _cLC |
||
| 999 |
_c590710 _d590710 |
||